[Event "Chennai Murali Mohan Memorial 2nd"]
[Site "Chennai"]
[Date "2023.07.15"]
[Round "2"]
[White "Hari, K Annamalai"]
[Black "Arjun, C Krishnamachari"]
[Result "0-1"]
[WhiteElo "1213"]
[BlackElo "2029"]
[PlyCount "98"]
[EventDate "2023.07.15"]
[EventType "swiss (rapid)"]
[EventRounds "9"]
[EventCountry "IND"]
[SourceTitle "CBM 215 Extra"]
[Source "ChessBase"]
[SourceDate "2023.09.30"]
[SourceVersion "1"]
[SourceVersionDate "2023.09.30"]
[SourceQuality "1"]

1. e4 e5 2. Nf3 Nc6 3. Bc4 Nf6 4. Ng5 d5 5. exd5 Nd4 6. c3 Nf5 7. Bb5+ Bd7 8. Bxd7+ Qxd7 9. c4 h6 10. Nh3 c6 11. dxc6 Qxc6 12. 0-0 Bc5 13. Qf3 Qxf3 14. gxf3 Nd4 15. Nc3 Nxf3+ 16. Kh1 0-0-0 17. d4 Rxd4 18. b3 Rd3 19. Nd5 Nxd5 20. cxd5 Nh4 21. Be3 Bxe3 22. fxe3 Rxe3 23. Rxf7 Kb8 24. Ng1 Rd3 25. Raf1 g6 26. Rg7 Rxd5 27. Rff7 Rb5 28. Ne2 a6 29. Kg1 Rb6 30. Ng3 Rc8 31. Ne4 Rc1+ 32. Kf2 Rc2+ 33. Ke1 Rxa2 34. Nc5 Rb5 35. Nxb7 Ng2+ 36. Kd1 Ne3+ 37. Kc1 Rd5 38. Rf8+ Ka7 39. Rd8 Rxd8 40. Nxd8+ Kb6 41. Rxg6+ Kc5 42. Rxh6 e4 43. Kb1 Rd2 44. Ne6+ Kb4 45. Nf4 Kxb3 46. Rb6+ Kc3 47. Rc6+ Nc4 48. Rxa6 Rxh2 49. Re6 Kb3 0-1